Statistics for The Cinema Archives Best Movie of Every Year

Click here to take the quiz!

General Stats

  • This quiz has been taken 74 times
    (45 since last reset)
  • The average score is 17 of 101

Answer Stats

YearMovie% Correct
1972The Godfather
77%
1974The Godfather Part II
66%
1941Citizen Kane
63%
19682001: A Space Odyssey
57%
1994Pulp Fiction
54%
1976Taxi Driver
51%
2007There Will Be Blood
46%
1979Apocalypse Now
43%
1958Vertigo
40%
1971A Clockwork Orange
37%
2001Mulholland Drive
37%
1922Nosferatu: A Symphony of Horror
37%
1980Raging Bull
37%
2008The Dark Knight
37%
1990Goodfellas
34%
1936Modern Times
34%
1982Blade Runner
31%
2010Inception
31%
1962Lawrence of Arabia
31%
1986Blue Velvet
29%
1977Annie Hall
26%
1931City Lights
26%
2000In the Mood for Love
26%
1954Seven Samurai
26%
1926The General
26%
1925Battleship Potemkin
23%
1933King Kong
23%
2016La La Land
23%
2012The Master
23%
1975Barry Lyndon
20%
2018Roma
20%
1920The Cabinet of Dr. Caligari
20%
1928The Passion of Joan of Arc
20%
1956The Searchers
20%
2014Birdman or (The Unexpected Virtue of Ignorance)
17%
1997Boogie Nights
17%
1914-1919Intolerance: Love's Struggle Throughout the Ages
17%
2002Punch-Drunk Love
17%
1967The Graduate
17%
1940The Grapes of Wrath
17%
1957The Seventh Seal
17%
2011The Tree of Life
17%
2006Children of Men
14%
1978Days of Heaven
14%
2017Dunkirk
14%
2009Inglourious Basterds
14%
1946It's a Wonderful Life
14%
1999Magnolia
14%
1984Once Upon a Time in America
14%
1966Persona
14%
1950Rashomon
14%
1927Sunrise: A Song of Two Humans
14%
1959The 400 Blows
14%
2015The Revenant
14%
1939The Rules of the Game
14%
1998The Thin Red Line
14%
1949The Third Man
14%
1948Bicycle Thieves
11%
1996Breaking the Waves
11%
1960La Dolce Vita
11%
2003Lost in Translation
11%
1953Tokyo Story
11%
2013Ida
9%
1985Brazil
6%
1937Grand Illusion
6%
1995Heat
6%
1952Ikiru
6%
1929Pandora’s Box
6%
1924Sherlock Jr.
6%
1935The Bride of Frankenstein
6%
1942The Magnificent Ambersons
6%
1969The Wild Bunch
6%
1988A Short Film About Killing
3%
1981Blow Out
3%
1938Bringing Up Baby
3%
2005Caché
3%
1921Destiny
3%
1944Double Indemnity
3%
1964I Am Cuba
3%
1992Malcolm X
3%
2019Midsommar
3%
1993Naked
3%
1983Nostalghia
3%
1923Our Hospitality
3%
1973Pat Garrett & Billy the Kid
3%
1965Pierrot le Fou
3%
1945Rome, Open City
3%
1987The Belly of an Architect
3%
1930The Blue Angel
3%
1989The Cook, the Thief, His Wife & Her Lover
3%
1991The Double Life of Veronique
3%
1963
0%
2004Before Sunset
0%
1947Black Narcissus
0%
1951Early Summer
0%
1955Lola Montes
0%
1932Love Me Tonight
0%
1943Ossessione
0%
1970The Conformist
0%
1961The End of Summer
0%
1934The Scarlett Empress
0%

Score Distribution

Percentile by Number Answered

Percent of People with Each Score

Your Score History

You have not taken this quiz since the last reset